English Civil War A-Z - Statistics

General Stats
  • This quiz has been taken 120 times
  • The average score is 11 of 24
Answer Stats
Hint Answer % Correct
A Innovative organisation New Model {Army}
85%
K The meaning of 'regicide' To {kill} a {king}
84%
C Royalist nickname Cavaliers
82%
R Parliamentarian nickname Roundheads
80%
O Royalist capital Oxford
68%
U Region of Ireland; the scene of rebellion and massacre in 1641 Ulster
66%
Y Royalist city besieged by F and Scottish Covenanters York
64%
Q Sect founded by George Fox Quakers
62%
H Charles I's catholic queen {Henrietta} Maria
59%
F Parliamentarian commander-in-chief Thomas {Fairfax}
54%
B Royalist city successfully besieged by F Bristol
45%
J Island captured from the Spanish in 1655 Jamaica
41%
L Archbishop hated by puritans William {Laud}
40%
E First major battle of the war in 1642 Edgehill
38%
V Royalist colony; the Old Dominion Virginia
35%
N 1644-45 battles; resounding parliamentarian victories Naseby
34%
D St George's Hill proto-communists Diggers
31%
M 1644-45 battles; resounding parliamentarian victories Marston Moor
25%
S Thomas Wentworth; executed in 1641 Earl of {Strafford}
24%
I Parliamentarian general and prominent regicide Henry {Ireton}
24%
P Debates about liberty and democracy were held here in 1647 Putney
23%
G List of grievances presented to Charles I in 1641 {Grand} {Remonstrance}
20%
W Leader of D Gerrard {Winstanley}
14%
T First major battle of the Scottish theatre; royalist victory Tippermuir
2%
No matching quizzes found
Score Distribution
Percent of People with Each Score
Percentile by Number Answered
Your Score History
You have not taken this quiz